Lebanon.

Examines issues in U.S. relations with Lebanon, including U.S. interests in and policy toward Lebanon. Analyzes Lebanon's political profile, including 2005 political upheaval and subsequent elections; discusses the presence of Syrian and Israeli forces in Lebanon; and examines Hezbollah-Israel...

Full description

Bibliographic Details
Corporate Authors: Library of Congress. Congressional Research Service, ProQuest (Firm)
Format: eBook
Language:English
Published: [Place of publication not identified] : [publisher not identified], 2007.
Series:U.S. Congressional Research.
Subjects:
Online Access:Connect to the full text of this electronic book

MARC

Tag First Indicator Second Indicator Subfields
LEADER 00000cam a22000001a 4500
001 in00003334821
006 m d f
007 cr bn mmmapmmp
008 101214s2007 dcu o f000 0 eng d
005 20260430194342.6
035 |a cis2007860075 
040 |a ProQuest  |c ProQuest  |d UtOrBLW 
043 |a n-us--- 
099 |a CRS-2007-FDT-0848 
110 2 |a Library of Congress.  |b Congressional Research Service. 
245 1 0 |a Lebanon. 
264 1 |a [Place of publication not identified] :  |b [publisher not identified],  |c 2007. 
300 |a 1 online resource. 
336 |a text  |b txt  |2 rdacontent 
337 |a computer  |b c  |2 rdamedia 
338 |a online resource  |b cr  |2 rdacarrier 
500 |a Record is based on bibliographic data in ProQuest U.S. Congressional Research Digital Collection (last viewed Dec. 2010). Reuse except for individual research requires license from ProQuest, LLC. 
500 |a CRS Report. 
520 |a Examines issues in U.S. relations with Lebanon, including U.S. interests in and policy toward Lebanon. Analyzes Lebanon's political profile, including 2005 political upheaval and subsequent elections; discusses the presence of Syrian and Israeli forces in Lebanon; and examines Hezbollah-Israel confrontation of 2006-2007. Reviews U.S. assistance to Lebanon, 1946-2007. 
500 |a Electronic resource. 
650 0 |a Civil war. 
651 0 |a Israel. 
651 0 |a Lebanon. 
655 7 |a Electronic books.  |2 local 
710 2 |a ProQuest (Firm) 
776 0 8 |i Microfiche version:   |a Library of Congress. Congressional Research Service.  |t Lebanon 
830 0 |a U.S. Congressional Research. 
856 4 0 |u http://proxy.library.tamu.edu/login?url=https://congressional.proquest.com/congcomp/getdoc?CRDC-ID=CRS-2007-FDT-0848  |z Connect to the full text of this electronic book  |t 0 
999 |a MARS 
999 f f |s 638c70e2-9669-3664-8e10-a347eec05207  |i 998c7132-bae0-31eb-bc9e-9a0a636a9927  |t 0 
952 f f |a Texas A&M University  |b College Station  |c Electronic Resources  |s www_evans  |d Available Online  |t 0  |e CRS-2007-FDT-0848  |h Other scheme 
998 f f |a CRS-2007-FDT-0848  |t 0  |l Available Online